00312nam a2200133Ia 4500008004100000020001600041041001200057082001100069100001400080245004400094260002500138300000800163650000700171221030s9999 xx 000 0 und d a08769268810 aEnglish a105.23 aB. C. Kuo 0aAutomatic Control Systemscby B. C. Kuo bPHIaNew Delhic1991 a760 aEE